| 000 | 00770nam a2200157Ia 4500 | ||
|---|---|---|---|
| 999 |
_c2812 _d30810 |
||
| 040 |
_aBC-ENSA _bfre |
||
| 041 | _afre | ||
| 100 | _aMATHIEU, L. / THOREZ, J. / EK, C. | ||
| 245 |
_aPlace et signification des croûtes et encroûtements calcaires dans les profils de sols et dans les paysages d'Afrique du Nord-Ouest [1ère partie] _cL. MATHIEU; J. THOREZ; C. EK |
||
| 562 | _e1 exemplaires | ||
| 942 | _c02 | ||
| 653 | _aSOL CALCAIRE ; CROUTE DU SOL ; ARGILE ; MINERALOGIE ; PEDOGENESE ; SOL ; ALGERIE ; FRANCE | ||
| 773 | _gvol. 6 n. 1 | ||
| 773 | _tAnnales de l'Institut National Agronomique El Harrach (DZ) | ||
| 856 |
_uhttp://dspace.ensa.dz:8080/jspui/bitstream/123456789/709/1/ia00p154a.pdf _uhttp://dspace.ensa.dz:8080/jspui/bitstream/123456789/711/1/ia00p154b.pdf |
||